Statistics for 60 Biggest Cities in the UK and Ireland by Population

Click here to take the quiz!

General Stats

  • This quiz has been taken 2,087 times
    (2,064 since last reset)
  • The average score is 31 of 60

Answer Stats

PopulationCity% Correct
7,074,000London
99%
430,000Manchester
95%
1,020,000Birmingham
93%
616,000Glasgow
92%
467,000Liverpool
92%
1,024,000Dublin
91%
449,000Edinburgh
90%
297,000Belfast
88%
315,000Cardiff
86%
727,000Leeds
86%
282,000Newcastle
84%
399,000Bristol
77%
190,000Cork
77%
530,000Sheffield
74%
217,000Aberdeen
72%
230,000Swansea
72%
215,000Southampton
70%
156,000Brighton
67%
284,000Nottingham
67%
295,000Leicester
66%
150,000Oxford
66%
126,000Norwich
65%
124,000Cambridge
63%
190,000Portsmouth
62%
175,000York
62%
256,000Plymouth
60%
483,000Bradford
56%
294,000Sunderland
56%
150,000Dundee
55%
306,000Coventry
54%
233,000Derby
50%
124,000Exeter
48%
142,000Reading
48%
254,000Stoke
48%
244,000Wolverhampton
48%
152,000Blackpool
46%
164,000Bath
44%
192,000Northampton
40%
136,000New Port
37%
135,000Preston
37%
181,000Luton
36%
142,000Middlesbrough
34%
265,000Bolton
32%
267,000Kingston
31%
292,000Doncaster
27%
310,000Wigan
25%
229,000Salford
23%
137,000Lancaster
22%
317,000Wakefield
20%
255,000Rotherham
18%
189,000Warrington
17%
182,000Bury
15%
291,000Stockport
15%
122,000Warwick
14%
262,000Walsall
12%
312,000Dudley
10%
179,000St. Helens
8%
179,000Stockton
7%
185,000Dun Laoghaire
2%
142,000Wokingham
2%

Score Distribution

Percentile by Number Answered

Percent of People with Each Score

Your Score History

You have not taken this quiz since the last reset